000 01988cam a22004814i 4500
003 PE-LiUPU
005 20250731173028.0
008 150623s1998 bl rb 000 0 por d
035 _a(Sirsi) a23801
040 _aPE-LiUPU
_bspa
_cPE-LiUPU
_erda
049 _aPRUA
082 0 4 _a286.732
_bT56T
_221
100 1 _aTimm, Alberto Ronald,
_eautor.
245 1 0 _aO santuário e as trés mensagens angélicas /
_cAlberto Ronald Timm.
264 1 _aEngenheiro Cohelo, SP. :
_bImprenta Universitaria Adventista, IAE,
_c1998.
300 _a325 páginas ;
_c22 centímetros
336 _atext
_2rdacontent
337 _aunmediated
_2rdamedia
338 _avolume
_2rdacarrier
504 _aIncluye bibliografía.
505 0 _aInterpretacioes antes de 1844 -- Período d integracao doutrinaria, 1844-1850 -- Período de consolidacao doutrinária.
526 _aSEG42
526 _aSEG41
526 _aSEG40
526 _aSEG39
526 _aP94
526 _aP87
526 _aP86
526 _aP85
526 _aP77
526 _aP76
526 _aP35
650 0 4 _aSantuario celestial
_xDoctrina (IASD).
650 0 4 _aMensaje de los tres angeles.
942 _2ddc
_cBOOK
949 _a286.732 T56T
_wDEWEY
_c1
_i54666
_lCCODEBUL1
_mBUL
_p00.00
_r0
_sY
_tBOOK
_u2015-06-24
_xTEOLOGIA
_PP35
_0COMPRA
_o.STAFF. Colección General
949 _a286.732 T56T
_wDEWEY
_c2
_i48052
_lCCODEBUL1
_mBUL
_p00.00
_r0
_sY
_tBOOK
_u2015-06-24
_xTEOLOGIA
_PP35
_0COMPRA
_o.STAFF. Colección General
596 _a1
999 _a286.732 T56T
_wDEWEY
_c24720
_i54666
_d24720
_e2022-6-2
_f2021-11-11
_g6
_lCCODEBUL1
_mBUL
_n6
_p20.00
_q1
_r0
_sY
_tBOOK
_u2015-6-24
_xTEOLOGIA
_PP35
_0COMPRA
_o.STAFF. Colección Teología
999 _a286.732 T56T
_wDEWEY
_c2
_i48052
_d2017-10-30
_e2017-10-27
_f2021-11-11
_g6
_lCCODEBUL1
_mBUL
_n1
_p20.00
_r0
_sY
_tBOOK
_u2015-6-24
_xTEOLOGIA
_PP35
_0COMPRA
_o.STAFF. Colección Teología
980 _81
_gALBERTO SANCHEZ Responsable de Automatización